Flemish painting / (Record no. 193956)

000 -LEADER
fixed length control field 00382 a2200157 4500
003 - CONTROL NUMBER IDENTIFIER
control field NUST
005 - DATE AND TIME OF LATEST TRANSACTION
control field 20230120183318.0
040 ## - CATALOGING SOURCE
Transcribing agency Nust
082 ## - DEWEY DECIMAL CLASSIFICATION NUMBER
Classification number 750,CAM
100 ## - MAIN ENTRY--PERSONAL NAME
Personal name Cammaerts, Emile
9 (RLIN) 107305
245 ## - TITLE STATEMENT
Title Flemish painting /
Statement of responsibility, etc. Emile Cammaerts
260 ## - PUBLICATION, DISTRIBUTION, ETC.
Place of publication, distribution, etc. London
Name of publisher, distributor, etc. Avalon press
Date of publication, distribution, etc. 1946
300 ## - PHYSICAL DESCRIPTION
Extent 31pages
505 ## - FORMATTED CONTENTS NOTE
Formatted contents note Contents not Available
942 ## - ADDED ENTRY ELEMENTS (KOHA)
Source of classification or shelving scheme
Koha item type Book
Call number prefix 750,CAM
Holdings
Withdrawn status Lost status Source of classification or shelving scheme Damaged status Not for loan Permanent Location Current Location Shelving location Date acquired Full call number Barcode Date last seen Price effective from Koha item type Public note
          Military College of Signals (MCS) Military College of Signals (MCS) General Stacks 12/12/2016 750,CAM MCS30120 12/08/2016 12/12/2016 Book Almirah No.55, Shelf No.6
© 2023 Central Library, National University of Sciences and Technology. All Rights Reserved.